| 000 | 005660000a22001810004500 | ||
|---|---|---|---|
| 003 | MACL | ||
| 005 | 20160302121413.0 | ||
| 008 | 160302b xxu||||| |||| 00| 0 eng d | ||
| 040 |
_aMACL _cMACL |
||
| 041 | _aHindi | ||
| 082 | _a800 | ||
| 100 |
_aडॉ चन्द्रभान रावत _940655 |
||
| 245 | _aतुलसी साहित्य बदलते प्रतिमान | ||
| 260 |
_bजवाहर पुस्तकालय _c1971 _aमथुरा |
||
| 350 | _a30 | ||
| 650 |
_aLiteracture _941912 |
||
| 942 |
_cBK _k800 _2ddc |
||
| 999 |
_c26440 _d26440 |
||